|
|
|
|
| LEADER |
00000cam a2200000 7i4500 |
| 001 |
0000004758 |
| 005 |
20220105104006.0 |
| 008 |
070730 |
| 020 |
|
|
|a 0721404790
|
| 020 |
|
|
|a 1844223876
|
| 090 |
0 |
0 |
|a JP
|b EL ENG (5597)
|
| 100 |
1 |
|
|a Murray, W.
|
| 245 |
1 |
0 |
|a 2c :
|b I like to write
|c Written by W. Murray; illustrated by M. Aitchison
|
| 260 |
|
|
|a London :
|b Ladybird
|
| 440 |
|
0 |
|a Key words with Ladybird
|
| 500 |
|
|
|a Children age 4-6 years old (yellow)
|
| 650 |
|
0 |
|a Early learning
|
| 650 |
|
0 |
|a Junior preschool
|x English
|x Languages
|
| 700 |
1 |
|
|a Aitchison, Martin
|
| 710 |
0 |
|
|a Title
|
| 999 |
|
|
|a 0000894037
|b Book
|c Children Collection
|e Cawangan Mersing
|
| 999 |
|
|
|a 0000894075
|b Book
|c Children Collection
|e Cawangan Tmn. Ungku Tun Aminah
|
| 999 |
|
|
|a 0000894076
|b Book
|c Children Collection
|e Cawangan Bandar Penawar
|
| 999 |
|
|
|a 0000894077
|b Book
|c Children Collection
|e Cawangan Segamat
|
| 999 |
|
|
|a 0000894078
|b Book
|c Children Collection
|e Cawangan Bandar Penawar
|
| 999 |
|
|
|a 0000894082
|b Book
|c Children Collection
|e Cawangan Pontian
|
| 999 |
|
|
|a 0000974865
|b Book
|c Children Collection
|e Perbadanan Perpustakaan Awam Johor
|
| 999 |
|
|
|a 0000974866
|b Book
|c Children Collection
|e Perbadanan Perpustakaan Awam Johor
|
| 999 |
|
|
|a 0000974867
|b Book
|c Children Collection
|e Perbadanan Perpustakaan Awam Johor
|
| 999 |
|
|
|a 0000974868
|b Book
|c Children Collection
|e Perbadanan Perpustakaan Awam Johor
|
| 999 |
|
|
|a 0000974869
|b Book
|c Children Collection
|e Perbadanan Perpustakaan Awam Johor
|